Derechos Humanos. Realidades y desafo̕s

Detalles Bibliográficos
Autor principal: Canosa Usera, Ral︢
Otros Autores: Len̤ Bastos, Carolina
Formato: eBook
Lenguaje:español
Publicado: Miguel Hidalgo: vLex Mx̌ico, 2017
Materias:
Acceso en línea:Acceso restringido

MARC

LEADER 00000nam a22000007a 4500
005 20171009182933.0
007 cr|||| ||||
008 171009s2017 mx |||||s|||| 00||0 spa d
020 |a 978-607-97609-1-5 
035 |a 20724 
040 |a vLex 
090 |c 7097  |d 7097 
100 1 |a Canosa Usera, Ral︢ 
245 1 0 |a Derechos Humanos. Realidades y desafo̕s  |h [Recurso electrn̤ico] /  |c Ral︢ Canosa Usera, Carolina Len̤ Bastos  
256 |a Servicio en ln̕ea 
260 |a Miguel Hidalgo:  |b vLex Mx̌ico,  |c 2017 
300 |a 1 recurso electrn̤ico 
506 1 |a Disponible solo en los productos indicados  |d vLex Global  |d vLex Global (Academic Edition, excluding Law Schools)  |d vLex Global (U.S. Academic Edition, Law Schools)  |d vLex Global (U.S. Academic Edition, excluding Law Schools)  |d vLex Global (Academic Edition, Law Schools) 
650 0 4 |a Derecho constitucional  |z Mx̌ico 
700 1 |a Len̤ Bastos, Carolina 
740 0 |a vLex Libros (Servicio en ln̕ea) 
856 4 0 |u http://vlex.com/source/derechos-humanos-realidades-desafios-20724  |z Acceso restringido 
942 |c BOOK 
999 0 |a Constitutional law